Detalles MARC
| 000 -LÍDER |
| Campo fijo de descripción fija |
02584cam a2200397 i 4500 |
| 001 - NÚMERO DE CONTROL |
| Campo de control |
768714001 |
| 003 - IDENTIFICADOR DEL NÚMERO DE CONTROL |
| Campo de control |
CO-MdFUSB |
| 005 - FECHA Y HORA DE LA ULTIMA TRANSACCIÓN |
| control field |
20220406100524.0 |
| 007 - CAMPO FIJO DE DESCRIPCIÓN FIJA--INFORMACIÓN GENERAL |
| Campo fijo de descripción fija |
ta |
| 008 - ELEMENTOS DE LONGITUD FIJA -- INFORMACIÓN GENERAL |
| Campo fijo de descripción fija -- Información general |
160705t2016 mnu b 001 0 eng |
| 020 ## - NÚMERO INTERNACIONAL NORMALIZADO PARA LIBROS |
| Número Internacional Normalizado del libro |
9780814681206 |
| 040 ## - FUENTE DE CATALOGACIÓN |
| Agencia de catalogación original |
DLC |
| Idioma de catalogación |
eng |
| Convenciones de la descripción |
rda |
| Agencia que realiza la transcripción |
CO-MdFUSB |
| Agencia que realiza la modificación |
BTCTA |
| -- |
YDXCP |
| -- |
WIO |
| -- |
LNT |
| -- |
YDX |
| -- |
CNTCS |
| -- |
GHS |
| -- |
KPS |
| -- |
OCLCO |
| -- |
OCLCQ |
| -- |
BDX |
| 041 ## - CÓDIGO DE IDIOMA |
| Código de idioma para texto/pista de sonido o título separado |
eng |
| 082 ## - NÚMERO DE CLASIFICACIÓN DECIMAL DEWEY |
| Número de la edición del Dewey |
23 |
| Número de clasificación |
223.206 |
| Clave de autor-Numero de item |
H793 |
| 100 1# - ASIENTO PRINCIPAL--NOMBRE PERSONAL |
| Nombre personal |
Hopkins, Denise Dombkowski, |
| Término relacionador |
autor |
| 245 10 - TÍTULO |
| Título del Material |
Psalms : |
| Parte restante del título - Subtitulo |
books 2-3 |
| Mención de responsabilidad, etc. |
/ Denise Dombkowski Hopkins ; editado por Barbara E. Reid |
| 264 #1 - PRODUCCIÓN, PUBLICACIÓN, DISTRIBUCIÓN, MANUFACTURA, Y COPYRIGHT |
| Lugar de producción, publicación, distribución, manufactura |
Collegeville, Minnesota : |
| Nombre del productor, publicador, distribuidor |
A Michael Glazier Book, Liturgical Press, |
| Fecha de producción, publicación, distribución, manufactura, o copyright |
[2016] |
| 264 ## - PRODUCCIÓN, PUBLICACIÓN, DISTRIBUCIÓN, MANUFACTURA, Y COPYRIGHT |
| Fecha de producción, publicación, distribución, manufactura, o copyright |
© 2016 |
| 300 ## - DESCRIPCIÓN FÍSICA |
| Extensión |
410 páginas ; |
| Dimensiones |
24 cm. |
| 336 ## - TIPO DE CONTENIDO |
| Término de tipo de contenido |
texto |
| Código de tipo de contenido |
txt |
| Fuente |
rdacontent. |
| 337 ## - TIPO DE MEDIO |
| Nombre del tipo de medio |
sin mediación |
| Código del tipo de medio |
n |
| Fuente |
rdamedia. |
| 338 ## - TIPO DE SOPORTE |
| Nombre del tipo de soporte |
volumen |
| Código Tipo de soporte |
nc |
| Fuente |
rdacarrier. |
| 490 1# - MENCIÓN DE SERIE |
| Mención de serie |
Wisdom commentary ; |
| 500 ## - NOTA GENERAL |
| Nota General |
"Un libro de Michael Glazier". |
| 504 ## - NOTA DE BIBLIOGRAFÍA, ETC. |
| Nota de bibliografía, etc |
Incluye referencias bibliográficas (páginas 375-389) e índices. |
| 505 ## - NOTA DE CONTENIDO |
| Nota de contenido con formato preestablecido |
Lista de abreviaturas -- Agradecimientos -- Lista de colaboradores -- Prólogo -- Introducción del editor al comentario de sabiduría --<br/>Introducción del autor -- Libro 2 del Salterio (pss 42-72) -- Libro 3 del Salterio (73-89) . |
| 520 ## - NOTA DE RESUMEN, ETC. |
| Nota de sumario, etc. |
Muchos lectores están convencidos de que los Salmos son irremediablemente "masculinos", especialmente dado que setenta y tres de los 150 salmos comienzan con títulos que los vinculan con el rey David. En este volumen, Denise Dombkowski Hopkins presenta historias sobre mujeres en la Biblia hebrea junto con los Salmos 42-89 como "intertextos" para la interpretación. Las historias de mujeres como Ana, Rahab, Tamar, Betsabé, Susana, Judit, Sifra, Pua y la concubina del levita pueden generar un conjunto diferente de asociaciones para las metáforas de los salmos que las que se han presentado tradicionalmente. Estas diferentes asociaciones pueden brindarle al lector diferentes puntos de vista sobre la dinámica del poder, el género, la política, la religión, la familia y la economía en el antiguo Israel y en nuestras vidas hoy, que podrían ayudar a nombrar y transformar el quebrantamiento de nuestro mundo. |
| 563 ## - NOTA DE ENCUADERNACIÓN |
| Nota de encuadernación |
Pasta dura |
| 630 #7 - TITULO UNIFORME |
| Título uniforme |
Biblia. |
| Nombre de parte o sección de la obra |
Salmos |
| Subdivisión de materia general |
Crítica, interpretación, etc. |
| 700 ## - ASIENTO SECUNDARIO - NOMBRE PERSONAL |
| 9 (RLIN) |
6357 |
| Nombre personal |
Reid, Barbara E. |
| Responsabilidad |
editor |
| 776 08 - ASIENTO DE SOPORTE FISICO ADICIONAL |
| Información de relación |
Online version: |
| Asiento principal |
Hopkins, Denise Dombkowski. |
| Título |
Psalms. |
| Place, publisher, and date of publication |
Collegeville, Minnesota : Liturgical Press, 2016 |
| Número de libro internacional estándar |
9780814681459 |
| Record control number |
(DLC) 2016035650. |
| 830 #0 - PUNTO DE ACCESO ADICIONAL DE SERIE - TÍTULO UNIFORME |
| Título uniforme |
Wisdom commentary ; |
| Designación de volumen o secuencia |
v. 21. |
| 942 ## - TIPO DE MATERIAL (KOHA) |
| Tipo de Item KOHA |
Libros General |
| 945 ## - INFORMACIÓN LOCAL DEL REGISTRO |
| Catalogador |
JTF-925 |